| 000 | 00734nam a2200133Ia 4500 | ||
|---|---|---|---|
| 008 | 171212s9999 xx 000 0 und d | ||
| 020 | _a9780833044952 | ||
| 100 | _aZellman, Gail L.;Perlman, Michal;Le, Vi-Nhuan;Setodji, Claude Messan | ||
| 245 |
_cZellman, Gail L.;Perlman, Michal;Le, Vi-Nhuan;Setodji, Claude Messan _aAssessing the Validity of the Qualistar Early Learning Quality Rating and Improvement System as a Tool for Improving Child-Care Quality |
||
| 260 |
_bRAND Corporation _c2008 |
||
| 650 | _aChild care -- United States -- Evaluation; Child care services -- United States -- Evaluation; Early childhood education -- United States -- Evaluation | ||
| 650 | _aEconomics | ||
| 856 | _uwww.jstor.org/stable/10.7249/mg650qel | ||
| 999 |
_c351773 _d351773 |
||